| Поле | Инд. | ПП | Название | Значение |
|---|---|---|---|---|
| Тип записи | a | |||
| Библиографический уровень | b | |||
| 001 | Контрольный номер | 32709148e0874be8b0aa147b2dc7e61f | ||
| 005 | Дата корректировки | 20241203131922.1 | ||
| 080 | a | Индекс УДК | 621.7 | |
| 097 | b | Оператор | *Плё* | |
| 100 | 1_ | a | Автор | Сахаров К.А. |
| 245 | 10 | a | Заглавие | Порошковая плазменная наплавка износостойкого покрытия |
| p | Название части/ раздела | - Текст : электронный | ||
| b | Продолж. заглавия | статья | ||
| 260 | a | Место издания | Тверь | |
| b | Издательство | ТвГТУ | ||
| c | Дата издания | 2024 | ||
| 520 | 0_ | a | Аннотация | Представлены результаты экспериментальных исследований микроструктуры и микротвердости износостойкого покрытия, полученного плазменно-порошковой наплавкой (использовали порошок марки Colmonoy 315-P2 на основе никеля). Показано, что линия сплавления имеет однородное строение. Сформировано прочное металлургическое сплавление между наплавкой и основой. (микротвердость наплавленного металла 5 300 ± 60 МПа). |
| 653 | 0_ | a | Ключевые слова | Износостойкое покрытие |
| a | Ключевые слова | Плазменно-порошковая наплавка | ||
| a | Ключевые слова | Система NiCrBSi | ||
| a | Ключевые слова | Алюминиевая бронза | ||
| a | Ключевые слова | Микроструктура | ||
| a | Ключевые слова | Микротвердость | ||
| 700 | 12 | a | Другие авторы | Афанасьева Л.Е. |
| 773 | 18 | w | Контрольный № источника | 48e5b62063be4c66b648ecbdb936c832 |
| t | Название источника | Механика и физика процессов на поверхности и в контакте твердых тел, деталей технологического и энергетического оборудования | ||
| d | Место и дата издания | Тверь : ТвГТУ, 2024 | ||
| g | Прочая информация | Вып. 17. - С. 89-95 | ||
| 900 | a | Имя макрообъекта | 001-000164118-000000000-0000-0000-01 | |
| 901 | t | Тип документа | b | |
| 950 | a | Редактор записи | мс | |
| 951 | i | EL-ТГТУ? | да |